000
00365nam a2200157Ia 4500
008
151213s9999 xx 000 0 und d
100
_a
W.J.Keegam
245
_a
Marketing
_c
W.J.Keegam
250
_a
2nd
260
_a
New Jersey
_b
Prentic Hall
_c
1995
300
_a
2751 p.
650
_a
Marketing
650
_a
Marketing
700
_a
W.J.Keegam
999
_c
1861
_d
1861